Malaysia adalah sebuah negara Islam / (Record no. 1054)

000 -LEADER
fixed length control field nam a22 a 4500
003 - CONTROL NUMBER IDENTIFIER
control field AKMAL
005 - DATE AND TIME OF LATEST TRANSACTION
control field 20170508114418.0
008 - FIXED-LENGTH DATA ELEMENTS--GENERAL INFORMATION
fixed length control field 170508s2001 my g| 000 0 may d
020 ## - INTERNATIONAL STANDARD BOOK NUMBER
International Standard Book Number 9839878360
040 ## - CATALOGING SOURCE
Original cataloging agency AKMAL
Transcribing agency AKMAL
082 04 - DEWEY DECIMAL CLASSIFICATION NUMBER
Classification number 297.27209595 WAN
Edition number 22
090 00 - LOCALLY ASSIGNED LC-TYPE CALL NUMBER (OCLC); LOCAL CALL NUMBER (RLIN)
Classification number (OCLC) (R) ; Classification number, CALL (RLIN) (NR) 297.09595
Local cutter number (OCLC) ; Book number/undivided call number, CALL (RLIN) WAN
100 ## - MAIN ENTRY--PERSONAL NAME
Personal name Wan Zahidi Wan Teh,
Titles and words associated with a name Datuk,
Dates associated with a name 1942-
9 (RLIN) 2211
245 1# - TITLE STATEMENT
Title Malaysia adalah sebuah negara Islam /
Statement of responsibility, etc. Dato' Wan Zahidi Wan Teh
260 ## - PUBLICATION, DISTRIBUTION, ETC.
Place of publication, distribution, etc. Kuala Lumpur :
Name of publisher, distributor, etc. Jabatan Hal Ehwal Khas, Kementerian Penerangan Malaysia ,
Date of publication, distribution, etc. 2001
300 00 - PHYSICAL DESCRIPTION
Extent 32ms. :
Dimensions 21cm.
500 ## - GENERAL NOTE
General note Teks dalam skrip Jawi
500 ## - GENERAL NOTE
General note Mengandungi ayat-ayat dari Qur'an
500 ## - GENERAL NOTE
General note Sumbangan daripada : Y.Bhg. Tan Sri Dato' Seri Musa bin Mohamad
650 #0 - SUBJECT ADDED ENTRY--TOPICAL TERM
Topical term or geographic name entry element Islam
Geographic subdivision Malaysia
9 (RLIN) 1948
650 #0 - SUBJECT ADDED ENTRY--TOPICAL TERM
Topical term or geographic name entry element Islamic countries
9 (RLIN) 2212
710 2# - ADDED ENTRY--CORPORATE NAME
Corporate name or jurisdiction name as entry element Kementerian Penerangan.
Subordinate unit Jabatan Hal Ehwal Khas
9 (RLIN) 2213
942 ## - ADDED ENTRY ELEMENTS (KOHA)
Source of classification or shelving scheme
Koha item type Book
Holdings
Withdrawn status Lost status Source of classification or shelving scheme Damaged status Not for loan Collection code Home library Current library Shelving location Date acquired Inventory number Total Checkouts Full call number Barcode Date last seen Price effective from Koha item type
          NON-FICTION AKMAL Melaka AKMAL Melaka PINJAMAN 08.05.2017 200871   297.27209595 WAN 201702143 08.05.2017 08.05.2017 Book
          NON-FICTION AKMAL Melaka AKMAL Melaka PINJAMAN 08.05.2017 200872   297.27209595 WAN 201702139 08.05.2017 08.05.2017 Book
          NON-FICTION AKMAL Melaka AKMAL Melaka PINJAMAN 08.05.2017 200869   297.27209595 WAN 201702168 08.05.2017 08.05.2017 Book
          NON-FICTION AKMAL Melaka AKMAL Melaka PINJAMAN 08.05.2017 200873   297.27209595 WAN 201702167 08.05.2017 08.05.2017 Book
          NON-FICTION AKMAL Melaka AKMAL Melaka PINJAMAN 08.05.2017 200870   297.27209595 WAN 201702104 08.05.2017 08.05.2017 Book
Pusat Sumber Maklumat Dato' Haji Sarmin Md Hussin, Akademi Kastam Diraja Malaysia, Melaka
Tel: 06-2331106 | Faks: 06-2313787